00284nam a2200085Ia 4500008004100000100003300041245006500074260004300139300001600182210107s9999 xx 000 0 und d aAlexander Hamilton Institute 0a(The) Manager's Source book : Handling The Problem Employee aNew YorkbAlexander Hamilton Institute a￯﾿ᄑ..